|
|
|
|
| LEADER |
00972nab a2200253 i 4500 |
| 001 |
misc61646 |
| 005 |
20230123153443.0 |
| 008 |
220413s1968 hu o 0|| ger d |
| 022 |
|
|
|a 0001-6446
|
| 040 |
|
|
|a SZTE Miscellanea Repozitórium
|b hun
|
| 041 |
|
|
|a ger
|
| 041 |
|
|
|a tut
|
| 100 |
1 |
|
|a Hazai György
|
| 245 |
1 |
0 |
|a Ein uigurisches Blockdruckfragment einer Einleitung zum Vajracchedikāsūtra
|h [elektronikus dokumentum] /
|c Hazai György
|
| 260 |
|
|
|a Akadémiai Kiadó
|b Budapest
|c 1968
|
| 300 |
|
|
|a [14] p.
|c 24 cm
|
| 490 |
0 |
|
|a Acta Orientalia Academiae Scientiarum Hungaricae;Acta Orientalia Academiae Scientiarum Hungaricae
|
| 561 |
|
|
|a Németh Gyula hagyaték
|
| 591 |
|
|
|a LOA 1456; NOA 2273
|
| 650 |
|
4 |
|a Bölcsészettudományok
|
| 650 |
|
4 |
|a Nyelvek és irodalom
|
| 695 |
|
|
|a Török nyelvemlék - ujgur írásos, Buddhizmus - török irodalom
|
| 700 |
0 |
1 |
|a Zieme Peter
|
| 856 |
4 |
0 |
|u http://misc.bibl.u-szeged.hu/61646/1/2273_noa_h46.pdf
|z Dokumentum-elérés
|